Statistics for 46都道府県で二番目に乗降客者数が多いJR駅

Click here to take the quiz!

General Stats

  • This quiz has been taken 1,156 times
  • The average score is 30 of 46

Answer Stats

都道府県乗降客数(人/日)% Correct
神奈川県319,604川崎
89%
東京都752,700池袋
89%
青森県7,398八戸
87%
静岡県44,992浜松
86%
長野県25,130松本
85%
群馬県14,608前橋
85%
千葉県207,758船橋
84%
埼玉県148,106浦和
84%
福島県22,034福島
83%
兵庫県111,484神戸
81%
新潟県15,848長岡
81%
富山県9,762高岡
79%
栃木県29,198小山
78%
岡山県28,958倉敷
78%
大阪府217,426天王寺
76%
福井県4,050敦賀
76%
愛知県104,816金山
76%
岐阜県25,702大垣
75%
島根県3,394出雲市
74%
鳥取県4,854米子
74%
広島県29,238福山
73%
京都府52,706山科
68%
大分県4,241別府
68%
茨城県41,434取手
68%
奈良県26,338奈良
67%
佐賀県5,207鳥栖
66%
三重県17,943桑名
65%
愛媛県3,428今治
65%
滋賀県42,344南草津
64%
岩手県6,080一ノ関
62%
香川県8,428坂出
60%
和歌山県12,271和歌山市
58%
長崎県3,990諫早
58%
山口県10,064徳山
58%
宮城県36,464あおば通
57%
宮崎県1,520南宮崎
54%
北海道22,284手稲
50%
石川県10,256津幡
46%
山形県2,702北山形
44%
高知県3,312後免
43%
山梨県6,556上野原
42%
徳島県2,248阿南
37%
福岡県72,199姪浜
32%
秋田県3,558土崎
30%
熊本県3,882新水前寺
28%
鹿児島県2,546谷山
23%

Score Distribution

Percentile by Number Answered

Percent of People with Each Score

Your Score History

You have not taken this quiz